000
00229nam a2200097Ia 4500
005
20251222114414.0
008
251222s1900||||xx |||||||||||||| ||spa||
082
_a
DVD0070/A76/2008
245
4
_a
The Wrestler:El luchador
942
_c
DVD
999
_c
2159
_d
2159